000 00483nam a2200229Ia 4500
001 087785
003 YMCAF
005 20230512161625.0
008 100717s2004 ||||||||||||||||| ||und|d
024 _a87785
035 _a27244
040 _aYMCAF
_beng
_cIN-KoLT
041 _aeng
082 _a006.7
_bVAU
100 _aVaughan, T
245 0 _aMultimedia: making it work
250 _a6th
260 _bTMH
_c2004
300 _a462
500 _aWith CD
942 _2ddc
_cBK
999 _c9300
_d9300